[Event "SWE-chB"]
[Site "Ronneby"]
[Date "2018.07.08"]
[Round "9"]
[White "Ziegler, Ari"]
[Black "Lundin, Jan"]
[Result "1-0"]
[WhiteElo "2305"]
[BlackElo "2282"]
[PlyCount "95"]
[EventDate "2018.06.30"]
[EventType "tourn"]
[EventRounds "9"]
[EventCountry "SWE"]
[EventCategory "3"]
[SourceTitle "CBM 185 Extra"]
[Source "ChessBase"]
[SourceDate "2018.07.29"]
[SourceVersion "1"]
[SourceVersionDate "2018.07.29"]
[SourceQuality "1"]
1. d4 d5 2. c4 dxc4 3. Nf3 Nf6 4. e3 e6 5. Bxc4 c5 6. O-O Nc6 7. Qe2 a6 8. Rd1
Qc7 9. Nc3 Bd6 10. dxc5 Bxc5 11. b3 O-O 12. Bb2 Rd8 13. Rac1 Rxd1+ 14. Rxd1 Bd7
15. Ng5 Bf8 16. Nce4 Nxe4 17. Nxe4 Ne7 18. Qg4 Ng6 19. h4 Bc6 20. Ng5 Nh8 21.
h5 Re8 22. Ne4 Bxe4 23. Qxe4 b5 24. Be2 f5 25. Qd4 Nf7 26. Rc1 Qa5 27. a4 Rd8
28. Qc3 Qb6 29. a5 Qb8 30. Bf3 e5 31. b4 e4 32. Bd1 Rd3 33. Qc6 Qd8 34. Bd4 Qh4
35. Qe6 Rd2 36. Qxf5 Qe7 37. Bb3 h6 38. g3 Rd3 39. Bd5 Rxd4 40. exd4 e3 41.
Qxf7+ Qxf7 42. Bxf7+ Kxf7 43. fxe3 Bxb4 44. Rc6 Bxa5 45. Rxa6 Bd2 46. Kf2 b4
47. Ke2 Bc3 48. Kd3 1-0

[Event "SWE-chB"]
[Site "Ronneby"]
[Date "2018.07.08"]
[Round "9"]
[White "Lind, Jan Olov"]
[Black "Lindh, Fredrik"]
[Result "1/2-1/2"]
[WhiteElo "2234"]
[BlackElo "2273"]
[PlyCount "35"]
[EventDate "2018.06.30"]
[EventType "tourn"]
[EventRounds "9"]
[EventCountry "SWE"]
[EventCategory "3"]
[SourceTitle "CBM 185 Extra"]
[Source "ChessBase"]
[SourceDate "2018.07.29"]
[SourceVersion "1"]
[SourceVersionDate "2018.07.29"]
[SourceQuality "1"]
1. e4 c5 2. Nf3 Nc6 3. d3 g6 4. g3 Bg7 5. Bg2 e5 6. O-O Nge7 7. c3 O-O 8. a3 d6
9. b4 h6 10. Nbd2 Be6 11. Bb2 Qd7 12. b5 Na5 13. c4 b6 14. Bc3 Nb7 15. Ne1 f5
16. f4 fxe4 17. dxe4 Na5 18. Qe2 1/2-1/2

[Event "SWE-chB"]
[Site "Ronneby"]
[Date "2018.07.08"]
[Round "9"]
[White "Malmstig, Erik"]
[Black "Rydstrom, Tom"]
[Result "0-1"]
[WhiteElo "2336"]
[BlackElo "2314"]
[PlyCount "72"]
[EventDate "2018.06.30"]
[EventType "tourn"]
[EventRounds "9"]
[EventCountry "SWE"]
[EventCategory "3"]
[SourceTitle "CBM 185 Extra"]
[Source "ChessBase"]
[SourceDate "2018.07.29"]
[SourceVersion "1"]
[SourceVersionDate "2018.07.29"]
[SourceQuality "1"]
1. e4 e5 2. Nf3 Nc6 3. Bc4 Bc5 4. c3 Nf6 5. d3 a6 6. Nbd2 O-O 7. Bb3 Ba7 8. h3
d6 9. Nf1 Ne7 10. g4 Ng6 11. Ng3 Re8 12. Be3 Be6 13. Qe2 d5 14. O-O-O d4 15.
cxd4 Bxb3 16. axb3 Bxd4 17. Nxd4 exd4 18. Bg5 h6 19. Bd2 a5 20. g5 hxg5 21.
Bxg5 a4 22. bxa4 Rxa4 23. Kd2 Re5 24. f4 Rb5 25. Ke1 Qd6 26. Nf5 Qb4+ 27. Kf2
Ra2 28. Rd2 Rxb2 29. Rhd1 Rxd2 30. Rxd2 Nh7 31. Rc2 Qb1 32. Nxd4 Nxg5 33. fxg5
Rxg5 34. Nf3 Rg2+ 35. Kxg2 Nf4+ 36. Kf2 Nxe2 0-1

[Event "SWE-ch U20"]
[Site "Ronneby"]
[Date "2018.07.08"]
[Round "9"]
[White "Sorensen, Hampus"]
[Black "Pantzar, Milton"]
[Result "1/2-1/2"]
[WhiteElo "2154"]
[BlackElo "2333"]
[PlyCount "106"]
[EventDate "2018.06.30"]
[EventType "tourn"]
[EventRounds "9"]
[EventCountry "SWE"]
[SourceTitle "CBM 185 Extra"]
[Source "ChessBase"]
[SourceDate "2018.07.29"]
[SourceVersion "1"]
[SourceVersionDate "2018.07.29"]
[SourceQuality "1"]
1. d4 Nf6 2. c4 b6 3. Nf3 Bb7 4. Nc3 e6 5. a3 d5 6. cxd5 Nxd5 7. Qc2 Nxc3 8.
bxc3 Be7 9. e4 O-O 10. Bd3 c5 11. O-O Qc8 12. Qe2 Ba6 13. Rd1 Bxd3 14. Rxd3
cxd4 15. cxd4 Rd8 16. h4 Nd7 17. Bg5 Bxg5 18. hxg5 Qa6 19. Rad1 Rac8 20. Qe3
Nf8 21. Ne5 Ng6 22. Nxg6 hxg6 23. Qf4 Qa4 24. Qg4 Rc4 25. e5 Rd5 26. Kh2 Qc2
27. Qf3 Qb2 28. R1d2 Qa1 29. Rd1 Rc1 30. Rxc1 Qxc1 31. Qe3 Qc6 32. Rc3 Qd7 33.
Rd3 Qa4 34. Qd2 Qc4 35. Qe3 Rd8 36. Qd2 Qd5 37. Qf4 Qc4 38. Qd2 b5 39. Kg1 Rd7
40. Qd1 a5 41. Qf3 Rd5 42. Qd1 Rd8 43. Kh2 b4 44. axb4 axb4 45. g3 Qd5 46. Qc2
Ra8 47. Qc5 Qe4 48. Re3 Qb7 49. Rb3 Rb8 50. Qd6 Kh7 51. Qc5 Rh8 52. d5 Rc8 53.
Rxb4 Rxc5 1/2-1/2

[Event "SWE-ch U20"]
[Site "Ronneby"]
[Date "2018.07.08"]
[Round "9"]
[White "Emmoth, Alfons"]
[Black "Crevatin, Leo"]
[Result "1/2-1/2"]
[WhiteElo "2176"]
[BlackElo "2224"]
[PlyCount "35"]
[EventDate "2018.06.30"]
[EventType "tourn"]
[EventRounds "9"]
[EventCountry "SWE"]
[SourceTitle "CBM 185 Extra"]
[Source "ChessBase"]
[SourceDate "2018.07.29"]
[SourceVersion "1"]
[SourceVersionDate "2018.07.29"]
[SourceQuality "1"]
1. d4 d5 2. c4 e6 3. Nc3 c6 4. e3 Nf6 5. Nf3 Nbd7 6. Qc2 Bd6 7. Bd3 dxc4 8.
Bxc4 O-O 9. O-O e5 10. Rd1 Qc7 11. h3 h6 12. a3 a5 13. Ba2 Re8 14. Nh4 Nf8 15.
Nf5 Be6 16. Nxd6 Qxd6 17. Bxe6 Nxe6 18. dxe5 1/2-1/2

[Event "SWE-chB"]
[Site "Ronneby"]
[Date "2018.07.08"]
[Round "9"]
[White "Furhoff, Johan"]
[Black "Landgren, Andreas"]
[Result "1-0"]
[WhiteElo "2332"]
[BlackElo "2278"]
[PlyCount "65"]
[EventDate "2018.06.30"]
[EventType "tourn"]
[EventRounds "9"]
[EventCountry "SWE"]
[EventCategory "3"]
[SourceTitle "CBM 185 Extra"]
[Source "ChessBase"]
[SourceDate "2018.07.29"]
[SourceVersion "1"]
[SourceVersionDate "2018.07.29"]
[SourceQuality "1"]
1. e4 e6 2. d4 d5 3. Nd2 dxe4 4. Nxe4 Nd7 5. Nf3 Ngf6 6. Bd3 c5 7. O-O cxd4 8.
Nxd4 Nxe4 9. Bxe4 Nf6 10. Bf3 Be7 11. Nb5 Qb6 12. c4 O-O 13. Be3 Bc5 14. Bf4
Ne8 15. Rb1 a6 16. b4 axb5 17. bxc5 Qxc5 18. cxb5 Qc4 19. Qc1 Qa4 20. Rd1 Nf6
21. Be5 Nd5 22. Bxd5 exd5 23. Bxg7 Kxg7 24. Qg5+ Kh8 25. Qf6+ Kg8 26. Rxd5 Re8
27. Rg5+ Kf8 28. Qd6+ Re7 29. Qh6+ Ke8 30. Rg8+ Kd7 31. Qd2+ Kc7 32. Qd8+ Kb8
33. Qxc8+ 1-0

[Event "SWE-ch U20"]
[Site "Ronneby"]
[Date "2018.07.08"]
[Round "9"]
[White "Forsberg, Andre"]
[Black "Storme, Isak"]
[Result "1/2-1/2"]
[WhiteElo "2048"]
[BlackElo "2277"]
[PlyCount "56"]
[EventDate "2018.06.30"]
[EventType "tourn"]
[EventRounds "9"]
[EventCountry "SWE"]
[SourceTitle "CBM 185 Extra"]
[Source "ChessBase"]
[SourceDate "2018.07.29"]
[SourceVersion "1"]
[SourceVersionDate "2018.07.29"]
[SourceQuality "1"]
1. e4 c5 2. Nf3 Nc6 3. d4 cxd4 4. Nxd4 Nf6 5. Nc3 d6 6. f3 Nxd4 7. Qxd4 g6 8.
Bb5+ Bd7 9. Bxd7+ Qxd7 10. Nd5 Bg7 11. Bg5 O-O 12. Nxf6+ exf6 13. Bxf6 Bxf6 14.
Qxf6 Rac8 15. c3 d5 16. O-O dxe4 17. fxe4 Rce8 18. Rad1 Qa4 19. a3 Qxe4 20. Rd7
Qe3+ 21. Qf2 Qxf2+ 22. Kxf2 Re6 23. Rxb7 Rd8 24. Kg3 f5 25. c4 Rd2 26. Rf2 Re3+
27. Kf4 Re4+ 28. Kg3 Re3+ 1/2-1/2

[Event "SWE-ch U20"]
[Site "Ronneby"]
[Date "2018.07.08"]
[Round "9"]
[White "Kucuksari, Kaan"]
[Black "Sundin, Emanuel"]
[Result "1-0"]
[WhiteElo "2296"]
[BlackElo "2167"]
[PlyCount "43"]
[EventDate "2018.06.30"]
[EventType "tourn"]
[EventRounds "9"]
[EventCountry "SWE"]
[SourceTitle "CBM 185 Extra"]
[Source "ChessBase"]
[SourceDate "2018.07.29"]
[SourceVersion "1"]
[SourceVersionDate "2018.07.29"]
[SourceQuality "1"]
1. d4 d5 2. Nf3 Nf6 3. c4 e6 4. g3 Be7 5. Bg2 O-O 6. O-O dxc4 7. Ne5 Qd6 8. Na3
Rd8 9. Nb5 Qb6 10. a4 Ne8 11. Nxc4 Qa6 12. Qb3 Nc6 13. Rd1 Na5 14. Nxa5 Qxa5
15. Bd2 Qa6 16. Bb4 Bd6 17. Nxd6 cxd6 18. e3 Bd7 19. Bf1 Qc6 20. d5 exd5 21.
Rdc1 Qb6 22. a5 1-0

[Event "SWE-ch U20"]
[Site "Ronneby"]
[Date "2018.07.07"]
[Round "8"]
[White "Pantzar, Milton"]
[Black "Berglind, Axel"]
[Result "1-0"]
[WhiteElo "2333"]
[BlackElo "2096"]
[PlyCount "59"]
[EventDate "2018.06.30"]
[EventType "tourn"]
[EventRounds "9"]
[EventCountry "SWE"]
[SourceTitle "CBM 185 Extra"]
[Source "ChessBase"]
[SourceDate "2018.07.29"]
[SourceVersion "1"]
[SourceVersionDate "2018.07.29"]
[SourceQuality "1"]
1. c4 Nf6 2. Nc3 c5 3. Nf3 Nc6 4. d4 cxd4 5. Nxd4 e5 6. Ndb5 Bc5 7. Nd6+ Kf8 8.
e3 g6 9. a3 Kg7 10. b4 Bxd6 11. Qxd6 Qe7 12. Qd2 d6 13. Bb2 Be6 14. Be2 Rad8
15. Nd5 Bxd5 16. cxd5 Nb8 17. Rc1 Rc8 18. O-O Nbd7 19. f4 Ne4 20. Qd3 f5 21.
Bf3 Nef6 22. Qb5 e4 23. Be2 Nb6 24. g4 fxg4 25. Bxg4 Rxc1 26. Rxc1 Rf8 27. Be6
Kh6 28. Qf1 Nh5 29. Qg2 Qh4 30. Qxe4 1-0

[Event "SWE-ch"]
[Site "Ronneby"]
[Date "2018.07.07"]
[Round "8"]
[White "Seo, Jung Min"]
[Black "Hector, Jonny"]
[Result "1/2-1/2"]
[WhiteElo "2347"]
[BlackElo "2499"]
[PlyCount "109"]
[EventDate "2018.06.30"]
[EventType "tourn"]
[EventRounds "9"]
[EventCountry "SWE"]
[EventCategory "10"]
[SourceTitle "CBM 185 Extra"]
[Source "ChessBase"]
[SourceDate "2018.07.29"]
[SourceVersion "1"]
[SourceVersionDate "2018.07.29"]
[SourceQuality "1"]
1. d4 d5 2. c4 c6 3. e3 Nf6 4. Nc3 Bf5 5. Nf3 e6 6. Nh4 Be4 7. f3 Bg6 8. Qb3
Qc7 9. Bd2 Be7 10. Nxg6 hxg6 11. cxd5 cxd5 12. O-O-O Nc6 13. Kb1 a6 14. Rc1 Rc8
15. g4 Nd7 16. Qd1 b5 17. f4 f5 18. h4 Nb6 19. h5 Rb8 20. Qf3 b4 21. Nd1 Nc4
22. Bxc4 dxc4 23. hxg6 Rxh1 24. Qxh1 c3 25. Bxc3 bxc3 26. Rxc3 Rb6 27. gxf5 Qd7
28. fxe6 Qxe6 29. d5 Qxg6+ 30. f5 Qxf5+ 31. e4 Qg6 32. Rxc6 Rxc6 33. dxc6 Qxc6
34. Nc3 Bf6 35. Nd5 Qc4 36. Qh5+ Kf8 37. Qf3 Qd4 38. Nxf6 gxf6 39. a3 a5 40.
Qe2 a4 41. Ka2 Ke7 42. Qc2 Ke6 43. b3 axb3+ 44. Kxb3 Ke5 45. a4 Qb6+ 46. Ka3
Qd6+ 47. Ka2 Qb4 48. Qc7+ Kxe4 49. a5 Qa4+ 50. Kb2 Qb4+ 51. Kc2 Qa4+ 52. Kb1
Qb3+ 53. Ka1 Qa3+ 54. Kb1 Qb3+ 55. Ka1 1/2-1/2

[Event "SWE-chB"]
[Site "Ronneby"]
[Date "2018.07.07"]
[Round "8"]
[White "Rydstrom, Tom"]
[Black "Furhoff, Johan"]
[Result "1-0"]
[WhiteElo "2314"]
[BlackElo "2332"]
[PlyCount "79"]
[EventDate "2018.06.30"]
[EventType "tourn"]
[EventRounds "9"]
[EventCountry "SWE"]
[EventCategory "3"]
[SourceTitle "CBM 185 Extra"]
[Source "ChessBase"]
[SourceDate "2018.07.29"]
[SourceVersion "1"]
[SourceVersionDate "2018.07.29"]
[SourceQuality "1"]
1. e4 e5 2. Nf3 Nc6 3. Bb5 a6 4. Ba4 Nf6 5. O-O b5 6. Bb3 Bb7 7. Nc3 Be7 8. d3
O-O 9. Nd5 Na5 10. Nxe7+ Qxe7 11. Nh4 Nxb3 12. axb3 d5 13. Nf5 Qe6 14. f3 g6
15. Ne3 Rad8 16. Qe2 c5 17. c4 d4 18. Nd5 Nxd5 19. cxd5 Qe7 20. Bd2 f5 21. Rfc1
Rc8 22. Rc2 Kg7 23. Rac1 Rfe8 24. Qe1 b4 25. Ra1 Qd6 26. Qh4 f4 27. g3 Rf8 28.
Re1 Rf7 29. gxf4 exf4 30. Bc1 Re8 31. Rg2 h6 32. Kh1 g5 33. Reg1 Qf6 34. Qh5
Bc8 35. h4 Rh8 36. Rh2 g4 37. fxg4 f3 38. g5 Qd6 39. Rf2 Kf8 40. g6 1-0

[Event "SWE-ch U20"]
[Site "Ronneby"]
[Date "2018.07.07"]
[Round "8"]
[White "Carlsson, Ludvig"]
[Black "Kucuksari, Kaan"]
[Result "0-1"]
[WhiteElo "2179"]
[BlackElo "2296"]
[PlyCount "188"]
[EventDate "2018.06.30"]
[EventType "tourn"]
[EventRounds "9"]
[EventCountry "SWE"]
[SourceTitle "CBM 185 Extra"]
[Source "ChessBase"]
[SourceDate "2018.07.29"]
[SourceVersion "1"]
[SourceVersionDate "2018.07.29"]
[SourceQuality "1"]
1. b3 Nf6 2. Bb2 e6 3. Nf3 b6 4. g3 Bb7 5. Bg2 Be7 6. O-O O-O 7. d3 d6 8. c4 c5
9. Nbd2 Nc6 10. a3 Nd7 11. e3 f5 12. b4 Bf6 13. Bxf6 Nxf6 14. b5 Ne5 15. Nxe5
Bxg2 16. Nf7 Rxf7 17. Kxg2 d5 18. Nf3 Qd6 19. Qb3 Ng4 20. h3 Ne5 21. Nxe5 Qxe5
22. cxd5 exd5 23. d4 cxd4 24. exd4 Qxd4 25. Rfd1 Qc4 26. Qxc4 dxc4 27. Rac1 Rc8
28. Kf3 c3 29. Rd6 Rfc7 30. Kf4 Rc4+ 31. Kxf5 R4c5+ 32. Ke6 Rxb5 33. Rxc3 Re8+
34. Kd7 Rbe5 35. Rdd3 Rf8 36. Rc8 Ref5 37. Rxf8+ Kxf8 38. f4 Kf7 39. Kc7 Ra5
40. g4 h5 41. Rd7+ Kf6 42. Rd6+ Kf7 43. Rd7+ Kg6 44. Rd6+ Kh7 45. Rd3 Ra4 46.
Kb7 b5 47. Rd5 hxg4 48. Rxb5 g3 49. Rb3 g2 50. Rg3 Rxa3 51. Rxg2 a5 52. Kc6
Rxh3 53. Kd5 Rh5+ 54. Ke4 a4 55. Ra2 Ra5 56. Ra3 Kg6 57. Rg3+ Kf6 58. Ra3 Ke6
59. Kd4 Ra8 60. Ke4 Ra7 61. Kf3 Kd5 62. Kg4 Kc4 63. Kg5 Kb4 64. Ra1 a3 65. Kg6
a2 66. f5 Kc4 67. Rc1+ Kd4 68. Ra1 Ke4 69. Re1+ Kf4 70. Rf1+ Kg4 71. Rg1+ Kf3
72. Rf1+ Ke4 73. Re1+ Kd5 74. Rd1+ Ke5 75. Re1+ Kd6 76. Rd1+ Kc5 77. Rc1+ Kd6
78. Rd1+ Ke7 79. Re1+ Kf8 80. Ra1 Ra4 81. Kh5 Ke7 82. Kg6 Kf8 83. Kh5 Ke7 84.
Kg6 Rg4+ 85. Kh5 Rg2 86. Kh4 Kf6 87. Kh3 Rb2 88. Kg4 Rb4+ 89. Kh5 Ra4 90. Rf1
a1=Q 91. Rf4 Qh1+ 92. Kg4 Qg2+ 93. Kh4 Rxf4+ 94. Kh5 Qh3# 0-1

[Event "SWE-chB"]
[Site "Ronneby"]
[Date "2018.07.07"]
[Round "8"]
[White "Landgren, Andreas"]
[Black "Ziegler, Ari"]
[Result "0-1"]
[WhiteElo "2278"]
[BlackElo "2305"]
[PlyCount "68"]
[EventDate "2018.06.30"]
[EventType "tourn"]
[EventRounds "9"]
[EventCountry "SWE"]
[EventCategory "3"]
[SourceTitle "CBM 185 Extra"]
[Source "ChessBase"]
[SourceDate "2018.07.29"]
[SourceVersion "1"]
[SourceVersionDate "2018.07.29"]
[SourceQuality "1"]
1. d4 Nf6 2. c4 g6 3. Nc3 Bg7 4. e4 d6 5. Nf3 O-O 6. Be2 e5 7. O-O Nc6 8. d5
Ne7 9. Ne1 Nd7 10. Be3 f5 11. f3 f4 12. Bf2 g5 13. Rc1 Rf6 14. Nd3 b6 15. b4 a6
16. c5 Rg6 17. cxd6 cxd6 18. g4 fxg3 19. hxg3 h5 20. Kg2 Nf6 21. Rh1 Bd7 22.
Be3 Rc8 23. Qd2 g4 24. f4 Rxc3 25. Qxc3 Nxe4 26. Qc4 b5 27. Qc7 Qxc7 28. Rxc7
Nxd5 29. Rxd7 Nxe3+ 30. Kh2 h4 31. gxh4 exf4 32. Rxg7+ Rxg7 33. Nxf4 g3+ 34.
Kh3 Nf2# 0-1

[Event "SWE-chB"]
[Site "Ronneby"]
[Date "2018.07.07"]
[Round "8"]
[White "Lundin, Jan"]
[Black "Lind, Jan Olov"]
[Result "1-0"]
[WhiteElo "2282"]
[BlackElo "2234"]
[PlyCount "123"]
[EventDate "2018.06.30"]
[EventType "tourn"]
[EventRounds "9"]
[EventCountry "SWE"]
[EventCategory "3"]
[SourceTitle "CBM 185 Extra"]
[Source "ChessBase"]
[SourceDate "2018.07.29"]
[SourceVersion "1"]
[SourceVersionDate "2018.07.29"]
[SourceQuality "1"]
1. f4 d5 2. Nf3 g6 3. g3 Bg7 4. d3 Nf6 5. Bg2 O-O 6. O-O c5 7. c3 Nc6 8. Na3
Rb8 9. Ne5 Nxe5 10. fxe5 Ng4 11. d4 cxd4 12. cxd4 Qb6 13. Kh1 Be6 14. h3 Nxe5
15. dxe5 Bxe5 16. Bf4 Bxf4 17. gxf4 Qxb2 18. Nc2 Rfd8 19. Nd4 Bd7 20. Qd3 Qb6
21. Rab1 Qf6 22. Qe3 b6 23. Rbc1 Rbc8 24. Rfd1 e6 25. Nf3 Qb2 26. Ne5 Ba4 27.
Rb1 Qc3 28. Rd3 Qc2 29. Rb4 Qc1+ 30. Kh2 Qxe3 31. Rxe3 Be8 32. Ra3 Rc7 33. Kg3
Rdc8 34. Kf2 Kf8 35. h4 h5 36. Nd3 Ke7 37. f5 Kd6 38. fxg6 fxg6 39. Bh3 Rf7+
40. Ke3 Rc2 41. Ne1 Rc4 42. Rxc4 dxc4 43. Nf3 a5 44. Ng5 Rc7 45. Nxe6 Re7 46.
Kd4 Bd7 47. Nf4 Bxh3 48. Rxh3 b5 49. Rg3 b4 50. Rxg6+ Kd7 51. Ra6 Kc8 52. Rxa5
c3 53. Rxh5 Rd7+ 54. Rd5 Ra7 55. Rb5 Ra4 56. Ke3 Kd7 57. Nd3 c2 58. Nc1 Kc6 59.
Rh5 Ra3+ 60. Kd2 Rc3 61. Rg5 Kb6 62. h5 1-0

[Event "SWE-chB"]
[Site "Ronneby"]
[Date "2018.07.06"]
[Round "7"]
[White "Landgren, Andreas"]
[Black "Lundin, Jan"]
[Result "0-1"]
[WhiteElo "2278"]
[BlackElo "2282"]
[PlyCount "102"]
[EventDate "2018.06.30"]
[EventType "tourn"]
[EventRounds "9"]
[EventCountry "SWE"]
[EventCategory "3"]
[SourceTitle "CBM 185 Extra"]
[Source "ChessBase"]
[SourceDate "2018.07.29"]
[SourceVersion "1"]
[SourceVersionDate "2018.07.29"]
[SourceQuality "1"]
1. d4 d5 2. c4 e6 3. Nf3 c5 4. cxd5 exd5 5. Nc3 Nc6 6. g3 Nf6 7. Bg2 Be7 8. O-O
O-O 9. dxc5 d4 10. Na4 Bf5 11. Bf4 Be4 12. Rc1 h6 13. e3 d3 14. h4 Nd5 15. Bd6
b5 16. Bxe7 Qxe7 17. Nc3 Nxc3 18. Rxc3 Rfd8 19. Nd2 Bxg2 20. Kxg2 b4 21. Rc1
Rd5 22. Qb3 Rad8 23. Qc4 Qe5 24. Qb5 Qxb2 25. Qxc6 Qxd2 26. Qa4 Rf5 27. Qxa7
Rxf2+ 28. Rxf2 Qxc1 29. Qxf7+ Kh8 30. Qe7 Rg8 31. Qd6 Qxe3 32. c6 Qe4+ 33. Kh2
Qe3 34. Rb2 Re8 35. Qxb4 Qf3 36. c7 Kh7 37. Qd4 Re1 38. Rg2 Rc1 39. Qf4 Qxf4
40. gxf4 Rxc7 41. Kg3 Rc2 42. Rg1 d2 43. Rd1 Rxa2 44. Kg4 Kg6 45. Rb1 Ra6 46.
Rd1 Rd6 47. f5+ Kf6 48. Kf4 Rd4+ 49. Ke3 Ke5 50. h5 Rd7 51. f6 Kxf6 0-1

[Event "SWE-chB"]
[Site "Ronneby"]
[Date "2018.07.06"]
[Round "7"]
[White "Malmstig, Erik"]
[Black "Lindh, Fredrik"]
[Result "1-0"]
[WhiteElo "2336"]
[BlackElo "2273"]
[PlyCount "59"]
[EventDate "2018.06.30"]
[EventType "tourn"]
[EventRounds "9"]
[EventCountry "SWE"]
[EventCategory "3"]
[SourceTitle "CBM 185 Extra"]
[Source "ChessBase"]
[SourceDate "2018.07.29"]
[SourceVersion "1"]
[SourceVersionDate "2018.07.29"]
[SourceQuality "1"]
1. d4 Nf6 2. Bg5 Ne4 3. Bf4 d5 4. f3 Nf6 5. e4 e6 6. Nc3 Bb4 7. Qd3 c5 8. a3
dxe4 9. Qb5+ Bd7 10. Qxb7 Bxc3+ 11. bxc3 Nc6 12. Bc7 Qc8 13. Ba6 cxd4 14. fxe4
Nxe4 15. cxd4 Nc3 16. Nf3 Nd5 17. Bd6 Na5 18. Qxc8+ Bxc8 19. Bd3 Bb7 20. O-O
Kd7 21. Bc5 f6 22. Nd2 Bc6 23. Bb4 Nb7 24. c4 Nb6 25. Rab1 a5 26. Bc3 Na4 27.
Ba1 Nd6 28. Bc2 Kc7 29. Rfc1 Bd7 30. c5 1-0

[Event "SWE-chB"]
[Site "Ronneby"]
[Date "2018.07.06"]
[Round "7"]
[White "Ziegler, Ari"]
[Black "Rydstrom, Tom"]
[Result "1-0"]
[WhiteElo "2305"]
[BlackElo "2314"]
[PlyCount "85"]
[EventDate "2018.06.30"]
[EventType "tourn"]
[EventRounds "9"]
[EventCountry "SWE"]
[EventCategory "3"]
[SourceTitle "CBM 185 Extra"]
[Source "ChessBase"]
[SourceDate "2018.07.29"]
[SourceVersion "1"]
[SourceVersionDate "2018.07.29"]
[SourceQuality "1"]
1. e4 c5 2. Nf3 e6 3. d4 cxd4 4. Nxd4 a6 5. Nc3 Qc7 6. g3 Bb4 7. Bd2 Nc6 8. Nb3
h5 9. a3 Be7 10. Bd3 b5 11. Qe2 d6 12. f4 Nf6 13. O-O-O b4 14. axb4 Nxb4 15. e5
dxe5 16. fxe5 Nxd3+ 17. Qxd3 Nd7 18. Rhe1 Rb8 19. h4 Bb7 20. Bf4 Bc6 21. Qxa6
O-O 22. Nd4 Rb6 23. Qc4 Nc5 24. Ncb5 Bxb5 25. Nxb5 Qc6 26. Nd6 Ra8 27. b4 Ra1+
28. Kd2 Rxd1+ 29. Kxd1 Qf3+ 30. Re2 Na4 31. Kd2 Qa3 32. b5 Nc5 33. Qc3 Qxc3+
34. Kxc3 Rb8 35. Kc4 Nd7 36. c3 Nb6+ 37. Kc5 Nd7+ 38. Kc6 Nf8 39. Rc2 f6 40. c4
fxe5 41. Bg5 Ng6 42. Bxe7 Nxe7+ 43. Kc7 1-0

[Event "SWE-ch U20"]
[Site "Ronneby"]
[Date "2018.07.06"]
[Round "7"]
[White "Emmoth, Alfons"]
[Black "Carlsson, Ludvig"]
[Result "1/2-1/2"]
[WhiteElo "2176"]
[BlackElo "2179"]
[PlyCount "80"]
[EventDate "2018.06.30"]
[EventType "tourn"]
[EventRounds "9"]
[EventCountry "SWE"]
[SourceTitle "CBM 185 Extra"]
[Source "ChessBase"]
[SourceDate "2018.07.29"]
[SourceVersion "1"]
[SourceVersionDate "2018.07.29"]
[SourceQuality "1"]
1. d4 Nf6 2. c4 g6 3. Nc3 d5 4. cxd5 Nxd5 5. e4 Nxc3 6. bxc3 Bg7 7. Bc4 O-O 8.
Ne2 Nc6 9. O-O b6 10. Be3 Bb7 11. Qd2 Qd6 12. Rad1 Na5 13. Bd3 e6 14. Bh6 c5
15. Bxg7 Kxg7 16. Qe3 cxd4 17. Qxd4+ Qxd4 18. cxd4 Rac8 19. Rc1 Rxc1 20. Rxc1
Rc8 21. Rxc8 Bxc8 22. f3 Nc6 23. Kf2 Nb4 24. Bb1 Ba6 25. Ke3 Bxe2 26. Kxe2 Kf6
27. a3 Nc6 28. Kd3 Ke7 29. Kc4 Kd6 30. e5+ Kc7 31. Be4 a6 32. f4 b5+ 33. Kc5
Nb8 34. d5 Nd7+ 35. Kd4 Kb6 36. d6 a5 37. g4 Nb8 38. Bb1 Nc6+ 39. Ke4 Kc5 40.
Ba2 Nd8 1/2-1/2

[Event "SWE-ch U20"]
[Site "Ronneby"]
[Date "2018.07.06"]
[Round "7"]
[White "Sorensen, Hampus"]
[Black "Crevatin, Leo"]
[Result "1-0"]
[WhiteElo "2154"]
[BlackElo "2224"]
[PlyCount "131"]
[EventDate "2018.06.30"]
[EventType "tourn"]
[EventRounds "9"]
[EventCountry "SWE"]
[SourceTitle "CBM 185 Extra"]
[Source "ChessBase"]
[SourceDate "2018.07.29"]
[SourceVersion "1"]
[SourceVersionDate "2018.07.29"]
[SourceQuality "1"]
1. Nf3 d5 2. c4 e6 3. b3 Nf6 4. g3 Nbd7 5. Bb2 b6 6. Bg2 Bb7 7. O-O Be7 8. cxd5
exd5 9. d4 O-O 10. Nc3 Ne4 11. Qc2 Nxc3 12. Qxc3 Re8 13. e3 a5 14. Rfd1 Bd6 15.
Qc2 Qe7 16. Rac1 Rac8 17. Qb1 c6 18. Re1 g6 19. Nd2 Bb4 20. Bc3 Nf6 21. Bxb4
Qxb4 22. Qb2 Qd6 23. Rcd1 Rc7 24. e4 Rce7 25. e5 Qd8 26. Qb1 Nd7 27. f4 f6 28.
exf6 Nxf6 29. Nf3 Ng4 30. Ne5 Nxe5 31. dxe5 c5 32. a4 Qd7 33. h4 Rd8 34. Kh2 b5
35. Qa2 b4 36. Qc2 Qc7 37. f5 gxf5 38. Qxf5 Rf8 39. Qc2 Ref7 40. Rf1 Rxf1 41.
Rxf1 Rxf1 42. Bxf1 c4 43. bxc4 Qxe5 44. Bg2 Qc7 45. c5 Bc6 46. Qd1 Qd7 47. Qb3
Qe6 48. Qd3 Qd7 49. Qe3 Kf8 50. Bh3 Qc7 51. Qh6+ Ke8 52. Qe6+ Kf8 53. Qf6+ Ke8
54. Qh8+ Ke7 55. Qxh7+ Kd8 56. Qg8+ Ke7 57. Qg5+ Ke8 58. h5 b3 59. Qg6+ Kd8 60.
h6 Be8 61. Qf6+ Qe7 62. Qb6+ Qc7 63. Qxc7+ Kxc7 64. h7 b2 65. Bf5 b1=B 66. Bxb1
1-0

[Event "SWE-ch"]
[Site "Ronneby"]
[Date "2018.07.06"]
[Round "7"]
[White "Hector, Jonny"]
[Black "Grandelius, Nils"]
[Result "1/2-1/2"]
[WhiteElo "2499"]
[BlackElo "2668"]
[PlyCount "80"]
[EventDate "2018.06.30"]
[EventType "tourn"]
[EventRounds "9"]
[EventCountry "SWE"]
[EventCategory "10"]
[SourceTitle "CBM 185 Extra"]
[Source "ChessBase"]
[SourceDate "2018.07.29"]
[SourceVersion "1"]
[SourceVersionDate "2018.07.29"]
[SourceQuality "1"]
1. e4 e5 2. Nf3 Nc6 3. Bc4 Nf6 4. d4 exd4 5. O-O Nxe4 6. Re1 d5 7. Bxd5 Qxd5 8.
Nc3 Qd7 9. Nxe4 Be7 10. Bg5 O-O 11. Bxe7 Qxe7 12. Nxd4 Bd7 13. Nc3 Qd8 14. Nb3
Bf5 15. Qe2 Qg5 16. Qb5 Rab8 17. Nd5 h6 18. f4 Qh4 19. Nd2 Rfe8 20. Nf3 Rxe1+
21. Rxe1 Qd8 22. c4 Qd6 23. Ne5 Nd4 24. Qa5 c6 25. Qxa7 c5 26. b4 f6 27. bxc5
Qf8 28. Ne7+ Kh7 29. Nxf5 fxe5 30. Nxd4 exd4 31. Qb6 Qxf4 32. Qd6 Rf8 33. Qxf4
Rxf4 34. g3 Rg4 35. Rd1 d3 36. Rxd3 Rxc4 37. Rb3 Rxc5 38. Rxb7 Rc1+ 39. Kg2
Rc2+ 40. Kf3 Rxa2 1/2-1/2